Most Guessed Elements on JetPunk - Statistics

General Stats
  • This quiz has been taken 48,019 times
    39,085 since last reset
  • The average score is 16 of 23
Answer Stats
% Element % Correct
94 Oxygen
97%
95 Hydrogen
96%
87 Gold
91%
92 Helium
89%
88 Carbon
86%
83 Silver
86%
83 Nitrogen
80%
79 Iron
75%
76 Neon
74%
78 Lithium
67%
74 Copper
65%
75 Potassium
65%
76 Sodium
64%
71 Boron
60%
73 Magnesium
60%
63 Uranium
60%
68 Aluminium
56%
69 Argon
56%
68 Chlorine
53%
66 Calcium
52%
65 Sulfur
52%
65 Fluorine
51%
67 Beryllium
47%
No matching quizzes found
Score Distribution
Percent of People with Each Score
Percentile by Number Answered
Your Score History
You have not taken this quiz since the last reset